Statistics for UK X Factor Judges

Click here to take the quiz!

General Stats

  • This quiz has been taken 2,650 times
    (1,780 since last reset)
  • The average score is 9 of 20

Answer Stats

Judges% Correct
Simon Cowell
99%
Louis Walsh
93%
Cheryl Cole
86%
Sharon Osbourne
85%
Gary Barlow
80%
Tulisa Contostavlos
68%
Dannii Minogue
61%
Nicole Scherzinger
60%
Mel B
59%
Kelly Rowland
43%
Rita Ora
42%
Katy Perry
22%
Geri Halliwell
21%
Brian Friedman
15%
Leona Lewis
14%
Pixie Lott
14%
Alexandra Burke
13%
Natalie Imbruglia
13%
Paula Abdul
13%
Anastacia
7%

Score Distribution

Percentile by Number Answered

Percent of People with Each Score

Your Score History

You have not taken this quiz since the last reset